00409 2200169 4500001002100000005001500021035002000036245003900056100000800095300001700103260004500120082000800165084001400173020001800187600000800205990002600213INLIS00000000000089020260311084018 a0010-03260000011 aNasehat buat sehat /cTan Shot Yen0 aTan a204 ;c20 cm aJakarta :bGramedia Pustaka Utama,c2018 a613 a613 TAN n a978602032208704aTan a2023/SMKMIRI/2843/001